000 00627nam a2200181Ia 4500
008 151018s9999 xx 000 0 und d
082 _bRBASDV23088
_a891.463
100 _aपांडुरंग फळदेसाई
245 _aकाणी काणी कोतवा
250 _b1
260 _bअजब प्रकाशन
_c1989
300 _a88
600 _aपांडुरंग फळदेसाई
630 _aकाणी काणी कोतवा
700 _aपांडुरंग फळदेसाई
730 _aकाणी काणी कोतवा
942 _cBOOK
999 _c1022751
_d1022748